[Event "3rd HoliCup Lake City 2019"]
[Site "Udaipur"]
[Date "2019.03.28"]
[Round "1"]
[White "Das, Sayantan"]
[Black "Aditya Kumawat"]
[Result "1-0"]
[WhiteElo "2435"]
[BlackElo "1264"]
[Annotator "TA"]
[PlyCount "61"]
[EventDate "2019.??.??"]
[EventCountry "IND"]
[SourceTitle "playchess.com"]
[Source "ChessBase"]
[SourceQuality "1"]

{[%evp 12,61,57,18,41,42,54,68,60,65,141,142,140,139,136,150,139,143,132,145,137,121,127,111,111,108,106,107,119,74,95,93,134,147,210,218,205,197,223,242,6207,6207,5510,5489,5297,2591,5597,5595,5397,5387,5397,2434]} 1. e4 e5 2. Nf3 Nc6 3. Bb5 a6 4. Ba4 Nf6 5. O-O b5 6. Bb3 Bc5 7. Nc3 d6 {C77: Ruy Lopez: 3...a6 4 Ba4 Nf6, unusual lines} (7... O-O 8. d3 d6 9. Nd5 h6 10. c3 Rb8 11. Re1 Ba7 12. Be3 Bxe3 13. Nxe3 Re8 14. a4 b4 15. a5 bxc3 16. bxc3 {½-½ (66) Anand,V (2783)-Carlsen,M (2822) Saint Louis 2017}) 8. Nd5 Na5 9. d4 Nxb3 {White is slightly better.} 10. axb3 Bxd4 ({Better is} 10... Nxd5 $1 $14 11. exd5 exd4) 11. Nxd4 $16 exd4 12. Bg5 (12. Qxd4 $6 Nxd5 13. Qxd5 Rb8 $14) 12... Be6 $146 ({Predecessor:} 12... c6 13. Nxf6+ gxf6 14. Bh4 c5 15. e5 {1-0 (30) Nowak,L (2158)-Khamidov,K (2058) Karpacz 2015}) 13. Bxf6 gxf6 14. Qxd4 Bxd5 15. exd5 O-O 16. Rfe1 Re8 17. h3 $36 {[%mdl 2048] Black is under strong pressure.} Re5 18. f4 Re7 19. Qc3 Kg7 20. Qc6 Rb8 21. Kf2 Rb6 22. Qc3 c6 (22... Rb8 $16 {was called for.} 23. Rxa6 Rxe1 24. Qxe1 (24. Kxe1 Qc8 $16) 24... Qd7) 23. Rxe7 $18 ({But not} 23. dxc6 $6 Rc7 $16) 23... Qxe7 {[%mdl 4096] Endgame KQR-KQR} 24. Re1 ({Resist} 24. dxc6 $6 Qc7 $16) 24... Qd7 {[#]} 25. Re3 $1 {[%cal Re3g3] Rg3+ would kill now.} cxd5 $2 (25... Qf5 26. dxc6 Qxf4+ 27. Rf3 b4) 26. Rg3+ {White is clearly winning.} Kf8 27. Qxf6 d4 28. Qxd4 Qd8 29. Qg7+ Ke7 30. Re3+ Kd7 31. Qxf7+ {Accuracy: White = 90%, Black = 37%.} 1-0

[Event "3rd HoliCup Lake City 2019"]
[Site "Udaipur"]
[Date "2019.03.28"]
[Round "1"]
[White "Harikrishnan.A.Ra"]
[Black "Tawar Abhirajsingh"]
[Result "1-0"]
[WhiteElo "2413"]
[BlackElo "1264"]
[Annotator "TA"]
[PlyCount "33"]
[EventDate "2019.??.??"]
[EventCountry "IND"]
[SourceTitle "playchess.com"]
[Source "ChessBase"]
[SourceQuality "1"]

{[%evp 17,33,0,0,0,0,0,11,12,14,14,176,130,99,-102,-102,-86,395,311]} 1. e4 e5 2. Nf3 Nf6 3. Nxe5 d6 4. Nf3 Nxe4 5. d3 Nf6 6. d4 d5 7. Bd3 Bd6 8. O-O O-O 9. h3 Re8 10. Bg5 {C01: French: Exchange Variation} Nbd7 (10... h6 11. Bh4 Nbd7 12. Nc3 c6 13. Qd2 Qc7 14. Rae1 b6 15. Ne5 Bb7 16. f4 a6 17. g4 c5 {1-0 (39) Bacrot,E (2723)-Tomczak,J (2583) Germany 2017}) 11. Nc3 c6 12. Qd2 {The position is equal.} Qc7 13. Rae1 $146 ({Predecessor (2):} 13. Rfe1 Qd8 14. Rxe8+ Qxe8 15. Re1 Qf8 16. Ne5 Bb4 17. a3 Ba5 {1-0 (37) Saucey,C (1788)-Pernoud,C (1704) Caen 2011}) 13... h6 $2 {[#]} (13... b6 $11 {and Black is okay.}) 14. Rxe8+ Nxe8 15. Bxh6 $2 (15. Re1 $16 {keeps the pressure on.} Ndf6 16. Bxh6) 15... gxh6 $17 16. Qxh6 {[#] Bh7+ would kill now.} Nef6 $2 {[%mdl 8192]} (16... Nf8 $1 $17 {and life is bright.} 17. Re1 Ng7) 17. Ng5 1-0

[Event "3rd HoliCup Lake City 2019"]
[Site "Udaipur"]
[Date "2019.03.28"]
[Round "1"]
[White "Sauravh, Khherdekar"]
[Black "Dang Mridul"]
[Result "1-0"]
[WhiteElo "2272"]
[BlackElo "1257"]
[Annotator "TA"]
[PlyCount "63"]
[EventDate "2019.??.??"]
[EventCountry "IND"]
[SourceTitle "playchess.com"]
[Source "ChessBase"]
[SourceQuality "1"]

{[%evp 28,63,81,69,76,76,62,44,92,72,86,81,68,68,70,61,97,85,82,58,66,77,87,74,85,72,64,47,243,242,674,672,1058,658,650,648,29991,29992]} 1. c4 e6 2. Nf3 Nf6 3. g3 d5 4. Bg2 c6 5. O-O Be7 6. d4 O-O 7. Nbd2 Nbd7 8. Qc2 b6 9. e4 dxe4 10. Nxe4 Nxe4 11. Qxe4 Bb7 12. Rd1 Nf6 13. Qe2 Qc7 14. Bf4 {E09: Closed Catalan: Main Line: 7 Qc2 c6 8 Nbd2} Bd6 15. Bxd6 {LiveBook: 3 Games} (15. Ne5 Nd7 16. c5 Bxe5 17. dxe5 Nxc5 18. Rd6 a5 19. Rad1 Rad8 20. Be3 Ba6 21. Qc2 Nd3 22. R1xd3 Bxd3 23. Qxd3 f6 24. Be4 {1-0 (24) Sethuraman,S (2657)-Muradyan,R (2225) Yerevan 2018}) 15... Qxd6 16. Ne5 {White is better.} Qc7 17. c5 b5 18. h4 {[%cal Bh2h4,Bh4h5][%mdl 32]} Nd5 {[#]} 19. h5 $146 ({Predecessor:} 19. Re1 Rae8 20. a4 a6 21. Qd2 f6 {1-0 (38) Ghaem Maghami,E (2540)-Karami,S (1604) Khomeyn 2017}) 19... h6 20. Re1 {[%cal Bd1e1,Be1e4,Be4g4][%mdl 32]} Rad8 21. Rad1 Qe7 22. Qd2 Rfe8 23. Re4 Qg5 24. Qe2 a6 25. Rg4 Qe7 26. Qd2 {Strongly threatening Qxh6.} Nf6 27. Rf4 $36 {[%mdl 2048] Black is under pressure.} Qc7 $2 {[#]} (27... Rf8 $14) 28. Re1 $1 $18 Rf8 $2 {[#]} (28... Qe7 29. Bxc6 (29. Nxc6 Bxc6 30. Bxc6 Rf8 $16) 29... Rf8) 29. Rxf6 $1 {[%mdl 512]} gxf6 30. Ng4 f5 31. Qxh6 {[%cal Rg4f6]} fxg4 32. Qf6 {Precision: White = 80%, Black = 24%.} 1-0

[Event "3rd HoliCup Lake City 2019"]
[Site "Udaipur"]
[Date "2019.03.28"]
[Round "1"]
[White "Manigandan, S S"]
[Black "Srivastava, Arnav"]
[Result "1-0"]
[WhiteElo "2157"]
[BlackElo "1669"]
[Annotator "TA"]
[PlyCount "57"]
[EventDate "2019.??.??"]
[EventCountry "IND"]
[SourceTitle "playchess.com"]
[Source "ChessBase"]
[SourceQuality "1"]

{[%evp 13,56,14,48,46,64,51,61,55,81,61,71,53,132,135,135,125,136,102,152,138,171,165,200,144,177,146,135,137,168,94,302,310,310,307,321,307,314,209,29993,29994,29996,29997,29998,29999,29999]} 1. d4 d5 2. Nf3 Nf6 3. c4 e6 4. Nc3 Be7 5. Bg5 Nbd7 6. e3 c6 7. Qc2 dxc4 8. Bxc4 {D53: Queen's Gambit Declined: 4 Bg5 Be7: Early deviations} b5 9. Bd3 a6 10. O-O {White is slightly better.} Bb7 11. Rfd1 h6 12. Bh4 c5 $146 ({Black should play} 12... Rc8 $14) ({Predecessor:} 12... Qc7 13. e4 Rc8 14. e5 Nd5 15. Bxe7 Kxe7 16. Nxd5+ cxd5 17. Qd2 Rhd8 18. Nh4 Nb6 19. Rac1 Qd7 20. Qb4+ {1-0 (20) Salkic,M (2151)-Janjic,N (1873) Lukavac 2016}) 13. dxc5 Bxc5 14. Bxf6 gxf6 {[#]} 15. Nxb5 $1 {[%mdl 512] b4! is the strong threat.} Bxf3 (15... axb5 16. Bxb5) 16. gxf3 Rg8+ 17. Kh1 Qb6 18. Nc3 {Hoping for Na4.} f5 19. Be2 {Strongly threatening Na4.} Qb7 20. Qa4 Ke7 {[#]} 21. Rac1 ({White should try} 21. b4 $1 $18 {[%cal Rb4c5]} Nb6 22. Qb3) 21... Ne5 $2 {[#]} (21... Nf6 $16) 22. Nd5+ $1 $18 {[%mdl 576] Discovered Attack} exd5 23. Rxc5 Qxb2 24. Rcxd5 Qxe2 {[%cal Re2f3]} 25. Rxe5+ Kf6 $2 {[#]} (25... Kf8 $18 26. Rxf5 Rg7 27. Qb4+ Kg8) 26. Rxf5+ $1 {[%mdl 512] White mates.} Kxf5 27. Qf4+ {[%mdl 64] Double Attack} Ke6 28. Qd6+ Kf5 29. Rd5# {Accuracy: White = 82%, Black = 47%.} 1-0

[Event "3rd HoliCup Lake City 2019"]
[Site "Udaipur"]
[Date "2019.03.28"]
[Round "1"]
[White "Joshi, Govind Ballabh"]
[Black "Keerthana B"]
[Result "1-0"]
[WhiteElo "2128"]
[BlackElo "1249"]
[Annotator "TA"]
[PlyCount "80"]
[EventDate "2019.??.??"]
[EventCountry "IND"]
[SourceTitle "playchess.com"]
[Source "ChessBase"]
[SourceQuality "1"]

{[%evp 16,80,58,14,19,14,22,22,35,20,22,33,18,23,17,0,0,0,45,0,6,4,16,19,26,15,15,6,21,0,42,38,73,29,31,35,45,39,121,20,130,133,137,144,129,35,82,90,263,246,237,269,247,229,445,420,520,494,547,541,717,717,29988,648,29989,29990,29999]} 1. e4 e5 2. Nf3 Nc6 3. Bc4 Bc5 4. c3 Nf6 5. d3 d6 6. Nbd2 O-O 7. Bb3 Bb6 8. O-O a6 {C54: Giuoco Piano: 4 c3 Nf6, main lines with 5 d4 and 5 d3} (8... Ne7 9. Nc4 Be6 10. Re1 h6 11. a3 Ng6 12. Bc2 Bg4 13. h3 Bh5 14. Be3 Nh4 15. Ncd2 Nh7 16. g4 Bg6 17. Nxh4 Qxh4 18. Kg2 Ng5 19. Rh1 f5 20. exf5 {½-½ (20) Zhigalko,S (2671)-Andreikin,D (2737) Tallinn 2016}) 9. h3 {LiveBook: 4 Games} Ne7 10. d4 $146 ({Predecessor:} 10. Nc4 Ba7 11. Nh4 c6 12. Bg5 Ng6 13. Nxg6 hxg6 14. Qf3 Qe7 15. Ne3 Bb6 {1-0 (50) Godard,M (2327)-Van den Boogaart,J (1980) Vale 2015}) 10... exd4 {The position is equal.} 11. cxd4 Nc6 12. e5 dxe5 13. dxe5 Nd7 14. e6 fxe6 15. Bxe6+ Kh8 16. Nc4 Bc5 17. Bg5 Nf6 18. Bxc8 Qxc8 19. Rc1 Ba7 20. Be3 Bxe3 21. Nxe3 Qe6 22. Qa4 Rfd8 23. Rfe1 Qf7 24. a3 Re8 25. Qc2 Qh5 26. Qb3 Na5 {[#]} (26... Rab8 $14) 27. Qa2 (27. Qb4 $1 $16) 27... c5 (27... Nc6 $11 {keeps the balance.}) 28. g4 $36 {[%mdl 2048] White is in control.} Qg6 (28... Qxh3 29. Ng5 $18) 29. Rxc5 Nc6 30. Kh2 ({White should try} 30. Qb3 $16 Ne4 31. Rd5) 30... Ne4 {[#]} 31. Rf5 $1 Nxf2 $2 (31... Nd6 $16 {might work better.}) 32. Ng5 $18 {Threatens to win with Nf7+.} Rf8 {And now ...Rxf5 would win.} 33. Nf7+ Rxf7 34. Qxf7 {White wants to mate with Qf8+!} ({Weaker is} 34. Rxf7 Qd6+ 35. Kg2 Qd2 $11) 34... Qxf7 $2 (34... Qd6+ {was necessary.} 35. Kg2 Nd3) 35. Rxf7 Nd3 36. Ref1 {Threatening mate with Rf8+.} Kg8 37. Rxb7 Re8 38. Nf5 g6 39. Nh6+ Kh8 40. Rff7 {[%csl Gb7][%cal Rf7h7]} Ra8 {Precision: White = 57%, Black = 23%.} 1-0

[Event "3rd HoliCup Lake City 2019"]
[Site "Udaipur"]
[Date "2019.03.28"]
[Round "1"]
[White "Dahale, Atul"]
[Black "Shlok Sivanarayan"]
[Result "1-0"]
[WhiteElo "2102"]
[BlackElo "1248"]
[Annotator "TA"]
[PlyCount "79"]
[EventDate "2019.??.??"]
[EventCountry "IND"]
[SourceTitle "playchess.com"]
[Source "ChessBase"]
[SourceQuality "1"]

{[%evp 9,78,15,47,29,99,105,97,83,169,160,233,244,252,241,233,212,225,226,451,329,374,362,660,689,675,672,697,710,789,762,844,813,793,804,866,863,886,845,993,992,977,959,1123,1063,1181,1149,1167,1162,1278,1272,1772,1690,2104,2030,29979,29980,29988,29989,29989,29990,29993,29994,29994,29995,29995,29996,29997,29998,29998,29999,29999]} 1. c4 c5 2. Nf3 Nc6 3. g3 d6 4. Bg2 Nf6 5. O-O Bf5 (5... g6 6. d4 cxd4 7. Nxd4 Bd7 8. Nc3 Bg7 9. Nc2 Rc8 10. b3 Qa5 11. Nb5 a6 12. Bd2 Qd8 13. Nc3 O-O 14. Rc1 Rb8 15. a4 Qb6 16. Ne3 e6 17. h3 {1-0 (47) Grachev,B (2626)-Zvjaginsev,V (2642) St Petersburg 2018}) 6. Nc3 {A30: Symmetrical English: Double Fianchetto and Hedgehog} e6 {[#]} (6... e5 $11) 7. d4 $1 $16 Be7 8. d5 {White is better.} Nb8 $146 (8... exd5 $16 9. cxd5 Ne5) ({Predecessor:} 8... exd5 9. cxd5 Nb4 10. a3 Na6 11. h3 Qd7 12. Kh2 Ne4 13. Nxe4 Bxe4 {1-0 (38) Roosen,H (2195)-Weisser,W (2025) Bruchkoebel 2002}) 9. Nh4 $18 Qd7 (9... Nbd7 $16 {might work better.} 10. Bf4 O-O) 10. Qb3 {And now dxe6 would win.} a6 11. e4 {Black must now prevent Na4.} Bg6 12. dxe6 fxe6 {[#]} 13. e5 $1 {[%mdl 512]} Ng4 $2 (13... dxe5 {was necessary.} 14. Nxg6 (14. Qxb7 Qxb7 15. Bxb7 Ra7 $16) (14. Bxb7 Bc2 $14) 14... hxg6) 14. Bxb7 Ra7 15. Bf3 {[%mdl 64] Discovered Attack} Kf7 $2 (15... Nxe5 16. Qxb8+ Bd8) 16. Nxg6 hxg6 17. Bxg4 Nc6 18. exd6 Bxd6 19. Ne4 Nd4 20. Qd1 Be7 21. Be3 Rc7 22. Bxd4 cxd4 23. Qd3 Bf6 24. Rfe1 Re8 25. c5 Re7 26. Qxa6 Qc6 27. Qxc6 Rxc6 28. b4 {[%cal Bb2b4,Bb4b5][%mdl 32]} Rcc7 29. b5 Rb7 30. Nd6+ Kf8 31. Nxb7 Rxb7 32. c6 {White mates.} Rxb5 33. c7 Rc5 34. Rac1 Rxc1 35. Rxc1 Kg8 36. c8=Q+ Kh7 37. Bxe6 d3 38. Qg8+ Kh6 39. Qh8+ Kg5 40. h4# {Accuracy: White = 73%, Black = 28%.} 1-0

[Event "3rd HoliCup Lake City 2019"]
[Site "Udaipur"]
[Date "2019.03.28"]
[Round "1"]
[White "Rathore, S.K."]
[Black "Akshita Jain"]
[Result "1-0"]
[WhiteElo "2092"]
[BlackElo "1243"]
[Annotator "NA RC"]
[PlyCount "47"]
[EventDate "2019.??.??"]
[EventCountry "IND"]
[SourceTitle "playchess.com"]
[Source "ChessBase"]
[SourceQuality "1"]
[TimeControl "5400+30"]

1. e4 e5 2. Bc4 d6 3. Nf3 Be7 4. d4 exd4 5. Nxd4 Nf6 6. Nc3 Nbd7 7. O-O O-O 8. f4 Nc5 9. Qf3 c6 10. Nb3 Be6 11. Bxe6 Nxe6 12. f5 Nc7 13. Bf4 Nd7 14. Rad1 Nb6 15. Qg3 Ne8 16. e5 Kh8 17. f6 gxf6 18. exd6 Rg8 19. dxe7 Qxe7 20. Qf3 Nc4 21. Rfe1 Qf8 22. Rd7 Ncd6 23. Bxd6 Nxd6 24. Qxf6+ 1-0

[Event "3rd HoliCup Lake City 2019"]
[Site "Udaipur"]
[Date "2019.03.28"]
[Round "1"]
[White "Pandey Srishti"]
[Black "Vidhate P G"]
[Result "1-0"]
[WhiteElo "2020"]
[BlackElo "1231"]
[Annotator "NA RC"]
[PlyCount "119"]
[EventDate "2019.??.??"]
[EventCountry "IND"]
[SourceTitle "playchess.com"]
[Source "ChessBase"]
[SourceQuality "1"]
[TimeControl "5400+30"]

1. d4 Nf6 2. c4 g6 3. Nc3 Bg7 4. e4 d6 5. Be2 O-O 6. Be3 Re8 7. g4 c6 8. g5 Nfd7 9. h4 Nf8 10. h5 e5 11. d5 f5 12. gxf6 Bxf6 13. hxg6 hxg6 14. Qd2 Re7 15. O-O-O Bd7 16. Nf3 c5 17. Rdg1 Be8 18. Nh2 Rh7 19. Ng4 Bg7 20. Bg5 Qd7 21. Bf6 a6 22. Qg5 Qf7 23. Bxg7 Kxg7 24. Nh6 Qf6 25. Nf5+ Kf7 26. Qxf6+ Kxf6 27. Nxd6 Nbd7 28. Nxb7 Rb8 29. Nd6 Bf7 30. Rxh7 Nxh7 31. Bg4 Ndf8 32. Na4 Ke7 33. Nc8+ Kd8 34. Na7 Be8 35. Nxc5 Nf6 36. Bh3 Rb6 37. b3 Nh5 38. Nc8 Rf6 39. Rf1 Nd7 40. Nxd7 Bxd7 41. Bxd7 Kxd7 42. Na7 Ng3 43. Re1 Rxf2 44. Re3 Nh5 45. Nc6 Kd6 46. Nb4 Nf4 47. Nxa6 Rxa2 48. c5+ Kd7 49. Nb8+ Kc7 50. Nc6 Ng2 51. Rg3 Nf4 52. Nxe5 Ra5 53. d6+ Kc8 54. b4 Ra4 55. Rf3 Ne2+ 56. Kd1 Nd4 57. Rf8+ Kb7 58. Rf7+ Ka6 59. d7 Rxb4 60. d8=Q 1-0

[Event "3rd HoliCup Lake City 2019"]
[Site "Udaipur"]
[Date "2019.03.28"]
[Round "1"]
[White "Himanshu Ranjan"]
[Black "Subramanian, T.V."]
[Result "1-0"]
[WhiteElo "1984"]
[BlackElo "1222"]
[Annotator "NA RC"]
[PlyCount "83"]
[EventDate "2019.??.??"]
[EventCountry "IND"]
[SourceTitle "playchess.com"]
[Source "ChessBase"]
[SourceQuality "1"]
[TimeControl "5400+30"]

1. d4 Nf6 2. c4 g6 3. Nc3 d5 4. cxd5 Nxd5 5. e4 Nxc3 6. bxc3 c5 7. Bc4 Bg7 8. Ne2 O-O 9. O-O Nc6 10. Be3 Na5 11. Bd3 Bd7 12. Rc1 Rc8 13. Qd2 Re8 14. h3 c4 15. Bc2 b6 16. f4 e6 17. e5 Bc6 18. Kh2 Qe7 19. g4 Red8 20. Ng3 Qb7 21. Qf2 Bd5 22. f5 b5 23. Rb1 Qd7 24. Bg5 Re8 25. Qf4 a6 26. Bh6 Bxh6 27. Qxh6 Qe7 28. Nh5 f6 29. Nxf6+ Kh8 30. Nxe8 Rxe8 31. fxg6 Qg7 32. Qxg7+ Kxg7 33. Rf7+ Kg8 34. Rxh7 Nc6 35. a3 Nd8 36. Rf1 a5 37. h4 Bc6 38. h5 b4 39. axb4 a4 40. Ra7 Bb5 41. h6 Nc6 42. h7+ 1-0

[Event "3rd HoliCup Lake City 2019"]
[Site "Udaipur"]
[Date "2019.03.28"]
[Round "1"]
[White "Joshi Swarup"]
[Black "Muthaiah AL"]
[Result "0-1"]
[WhiteElo "1264"]
[BlackElo "2426"]
[Annotator "TA"]
[PlyCount "62"]
[EventDate "2019.??.??"]
[EventCountry "IND"]
[SourceTitle "playchess.com"]
[Source "ChessBase"]
[SourceQuality "1"]

{[%evp 9,62,28,42,24,39,27,22,8,22,14,25,-37,-32,-37,-42,-119,-122,-125,-125,-125,-119,-119,-119,-135,-128,-134,-127,-135,-137,-155,-155,-170,-146,-187,-181,-221,-220,-220,-214,-245,-251,-371,-339,-545,-550,-543,-549,-571,-568,-914,-600,-1076,-733,-1914,-1891]} 1. Nf3 b6 2. b3 (2. g3 Bb7 3. Bg2 g6 4. O-O c5 5. c4 Bg7 6. Nc3 Nf6 7. b3 d5 8. cxd5 Nxd5 9. Bb2 O-O 10. Qc1 Nc7 11. Na4 e5 12. d3 Re8 13. Nc3 Nc6 14. Nd2 Rc8 15. a3 Qd7 16. Nc4 b5 17. Nd2 {0-1 (26) Pantsulaia,L (2597)-Andreikin,D (2725) chess.com INT 2019}) 2... Bb7 3. Bb2 Bxf3 4. exf3 e6 5. Be2 $146 ({Predecessor:} 5. g3 Nf6 6. Bg2 d5 7. d3 Nbd7 8. f4 Bb4+ 9. Nd2 O-O {1-0 (61) Agrawal,S (1334)-Tang,I (1015) London 2018}) 5... Nf6 6. c4 {A04: Unusual lines after 1 Nf3 and King's Indian Attack} g6 7. Nc3 Bg7 8. Rc1 {The position is equal.} O-O 9. f4 c5 10. O-O (10. d4 $1 $11) 10... Nc6 $15 11. Nb5 a6 12. Nd6 (12. Nc3 $15) 12... Qb8 $17 13. Be5 Nxe5 14. fxe5 Ne8 15. Nxe8 Bxe5 16. Nf6+ Bxf6 17. Bf3 Ra7 18. Qe2 Bd4 19. Qe4 b5 {[%cal Bb6b5,Bb5b4,Bb4a3][%mdl 32]} 20. d3 a5 21. Rc2 a4 22. Bd1 axb3 23. axb3 b4 24. Qe2 Ra3 25. Ra2 (25. Rc1 {was the only defense.}) 25... Qa7 26. Rxa3 $2 {[#]} (26. Rd2 {keeps fighting.}) 26... bxa3 $19 {Black is clearly winning.} 27. Qa2 Qa5 28. Bf3 Rb8 29. Rc1 Bb2 30. Rd1 Qc3 31. b4 cxb4 {Accuracy: White =  9%, Black = 75%.} 0-1

[Event "3rd HoliCup Lake City 2019"]
[Site "Udaipur"]
[Date "2019.03.28"]
[Round "1"]
[White "Abhinav Bhatia"]
[Black "Rajesh, V A V"]
[Result "0-1"]
[WhiteElo "1262"]
[BlackElo "2413"]
[Annotator "TA"]
[PlyCount "76"]
[EventDate "2019.??.??"]
[EventCountry "IND"]
[SourceTitle "playchess.com"]
[Source "ChessBase"]
[SourceQuality "1"]

{[%evp 13,76,20,12,-5,-5,-5,-1,-9,-4,-34,-37,-37,-37,-35,-36,-28,-31,-48,-62,-101,-100,-175,-174,-441,-425,-425,-431,-418,-406,-389,-307,-310,-308,-412,-383,-379,-382,-549,-454,-1068,-1066,-1055,-1015,-1178,-1163,-1487,-1493,-29977,-1460,-29978,-6847,-29985,-29986,-29990,-29991,-29992,-29993,-29994,-29995,-29995,-29996,-29996,-29997,-29997,-29997]} 1. d4 Nf6 2. c4 g6 3. Nc3 d5 4. Bg5 Ne4 5. Nxe4 dxe4 6. e3 Bg7 7. Ne2 c5 8. Rb1 {D80: Grünfeld: Unusual White 4th moves and 4 Bg5} (8. Qd2 O-O 9. d5 h6 10. Bh4 g5 11. Bg3 e5 12. h4 g4 13. Nc3 f5 14. h5 a6 15. d6 Nc6 16. Qd5+ {0-1 (40) Bluebaum,M (2640)-Xiong,J (2634) Wijk aan Zee 2018}) 8... Nc6 9. d5 Ne5 {White must now prevent ...Nd3+.} 10. Nc3 {The position is equal.} f5 $146 ({Predecessor:} 10... Qa5 11. Be2 Nd3+ 12. Bxd3 Bxc3+ 13. bxc3 Qxc3+ 14. Qd2 Qxd3 15. Qxd3 exd3 {1-0 (63) Grochowski,M (2037)-Gadzala,D (1861) Poland 2007}) 11. Nb5 a6 12. Nc3 h6 $36 {[%mdl 2048] Black fights for an advantage.} 13. Bf4 O-O 14. Be2 Bd7 15. a3 {[#]} b5 $1 {[%mdl 576] Decoy} 16. cxb5 axb5 17. Bxb5 (17. O-O $17) 17... Bxb5 $19 18. Nxb5 $2 (18. Bxe5 Bxe5 19. Nxb5) 18... Qa5+ 19. Nc3 Nd3+ 20. Kf1 g5 21. Bg3 Bxc3 22. bxc3 Qxc3 23. Rb3 Qc4 24. Kg1 Qxd5 25. Qh5 (25. Rb6 $142 Rf6 26. Rxf6 exf6 27. h4 Rxa3 28. hxg5 hxg5 29. Qh5 Ra1+ 30. Kh2 Rxh1+ 31. Kxh1) 25... Ra6 ({And not} 25... Qxb3 26. Qg6+ Kh8 27. Qxh6+ Kg8 28. Qg6+ Kh8 29. Qh6+ Kg8 30. Qg6+ Kh8 31. Qh6+ $11) 26. h4 (26. Rb5 $142) 26... Qxb3 27. hxg5 Qf7 28. Qxf7+ Rxf7 29. gxh6 Rxa3 30. Rh5 Ra1+ 31. Kh2 c4 32. Bh4 c3 {Black mates.} 33. Kg3 c2 34. Rg5+ Kh7 35. f4 c1=Q 36. Rg7+ Rxg7+ 37. hxg7 Qxe3+ {[%mdl 64] [#] Double Attack} 38. Kh2 Qg1+ {Accuracy: White = 21%, Black = 77%.} 0-1

[Event "3rd HoliCup Lake City 2019"]
[Site "Udaipur"]
[Date "2019.03.28"]
[Round "1"]
[White "Halkude Nagnath"]
[Black "Palit, Somak"]
[Result "0-1"]
[WhiteElo "1260"]
[BlackElo "2330"]
[Annotator "TA"]
[PlyCount "90"]
[EventDate "2019.??.??"]
[EventCountry "IND"]
[SourceTitle "playchess.com"]
[Source "ChessBase"]
[SourceQuality "1"]

{[%evp 20,90,46,58,62,0,7,12,23,-17,14,-22,-16,-25,-14,-28,-8,-57,-43,-72,-74,-61,-47,-57,0,0,43,21,25,29,39,11,10,0,0,0,0,0,0,0,0,0,0,0,8,8,8,-56,-60,-60,-54,-64,-58,-140,-129,-214,-214,-191,-195,-283,-257,-6211,-5693,-29991,-29992,-29992,-29993,-29996,-29997,-29997,-29998,-29998,-29999]} 1. Nf3 Nf6 2. c4 g6 3. Nc3 d5 4. cxd5 Nxd5 5. d4 Bg7 6. e4 Nxc3 7. bxc3 O-O 8. Be2 c5 9. O-O cxd4 10. cxd4 b6 11. Rb1 {LiveBook: 25 Games} e6 {D85: Exchange Grünfeld: Unusual White 7th moves and lines with 7 Nf3} (11... Qd7 12. d5 Ba6 13. Bb2 e6 14. Bxg7 Kxg7 15. Rc1 exd5 16. exd5 Rd8 17. Ne5 Qd6 18. Ng4 Bxe2 19. Qxe2 {½-½ (43) Jankovic,A (2562)-Mrdja,M (2370) Bol 2013}) 12. e5 (12. Ba3 $14) 12... Bb7 $11 13. Ba3 Re8 {The position is equal.} 14. Bb5 $146 ({Predecessor:} 14. Rc1 Ba6 15. Bxa6 Nxa6 16. Bd6 Bf8 17. Bxf8 Rxf8 18. Qa4 Nc7 19. Rc6 Nd5 20. Rfc1 {½-½ (49) Eichinger,H (1863)-Loderbauer,G (1825) Germany 2004}) 14... Bc6 (14... Nc6 {is interesting.} 15. Ba4 Rc8 16. Qb3 Na5 17. Qd3 Bc6) 15. Bxc6 Nxc6 16. Bd6 Rc8 17. Qa4 Bf8 18. Bxf8 (18. Qa3 {looks sharper.} Qd7 19. Rbd1 Be7 20. Nd2 f5 21. Nc4) 18... Rxf8 19. Rbc1 Qd5 20. Rfd1 Rfd8 21. h3 Na5 (21... Kg7 $15) 22. Qa3 Qb7 23. Rxc8 (23. Qe3 {is more complex.} Qe7 24. Ng5 Nc4 25. Qf4 Kg7 26. Ne4) 23... Rxc8 24. Qe3 Qe7 25. Qh6 {[#] And now Ng5 would win.} Qf8 26. Qg5 (26. Qh4 {with more complications.} Nc6 27. Ng5 h6 28. Ne4 Ne7 29. Nf6+) 26... Nc6 27. d5 exd5 28. Rxd5 Rd8 $36 {[%mdl 2048] Black has the initiative.} 29. Rxd8 Qxd8 30. Qxd8+ Nxd8 {[%mdl 4096] Endgame KN-KN} 31. Nd4 Kf8 32. f4 Ne6 33. Nc6 (33. Ne2 $11) 33... Nxf4 $15 34. Nxa7 Nd3 35. Nc8 b5 36. Nd6 (36. a3 $15) 36... b4 $17 ({But not} 36... Nxe5 $6 37. Nxb5 Ke7 38. Kf2 $11) 37. Nc4 (37. Nb5 $17 {might work better.}) 37... Ke7 $19 38. Kf1 Ke6 39. a4 (39. Ke2 {was called for.} Nc1+ 40. Ke3) 39... Kd5 ({Don't do} 39... Nxe5 40. Nd2 $19) 40. a5 $2 {[#]} (40. Nd2) 40... Kxc4 41. a6 b3 {Black mates.} 42. a7 b2 43. a8=Q b1=Q+ 44. Ke2 Qe1+ 45. Kf3 Qf2+ {Accuracy: White = 35%, Black = 70%.} 0-1